|
|
|
|
| LEADER |
01845cas a2200301 a 4500 |
| 001 |
AALejournalIMF021880 |
| 008 |
230101c9999 xx r poo 0 0eng d |
| 020 |
|
|
|c 5.00 USD
|
| 020 |
|
|
|z 9781513593258
|
| 022 |
|
|
|a 1934-7685
|
| 040 |
|
|
|a BD-DhAAL
|c BD-DhAAL
|
| 110 |
2 |
|
|a International Monetary Fund.
|b Asia and Pacific Dept.
|
| 245 |
1 |
0 |
|a Timor-Leste :
|b 2021 Article IV Consultation-Press Release; Staff Report; and Statement by the Executive Director for Timor-Leste.
|
| 264 |
|
1 |
|a Washington, D.C. :
|b International Monetary Fund,
|c 2021.
|
| 300 |
|
|
|a 1 online resource (84 pages)
|
| 490 |
1 |
|
|a IMF Staff Country Reports
|
| 500 |
|
|
|a <strong>Off-Campus Access:</strong> No User ID or Password Required
|
| 500 |
|
|
|a <strong>On-Campus Access:</strong> No User ID or Password Required
|
| 506 |
|
|
|a Electronic access restricted to authorized BRAC University faculty, staff and students
|
| 520 |
3 |
|
|a Although Timor-Leste has made considerable progress in many areas since its independence in 2002, it faces significant medium-term challenges. The nation has pressing development needs, young institutions, and is highly dependent on oil. Oil revenues from active fields, which have been the main source of funding for government spending, are drying up. The non-oil private sector economy remains underdeveloped and lack of good jobs and high youth unemployment are serious concerns.
|
| 538 |
|
|
|a Mode of access: Internet
|
| 650 |
|
7 |
|a International Agreements
|2 imf
|
| 650 |
|
7 |
|a International Organizations
|2 imf
|
| 650 |
|
7 |
|a Monetary Policy
|2 imf
|
| 650 |
|
7 |
|a Observance
|2 imf
|
| 651 |
|
7 |
|a Timor-Leste, Democratic Republic of
|2 imf
|
| 830 |
|
0 |
|a IMF Staff Country Reports; Country Report ;
|v No. 2021/152
|
| 856 |
4 |
0 |
|z Full text available on IMF
|u http://elibrary.imf.org/view/journals/002/2021/152/002.2021.issue-152-en.xml
|z IMF e-Library
|